00726nam a22002297a 450000500170000001000130001702000110003003500130004103700160005404000120007008200130008210000270009524500550012226000350017727000320021230000250024465000320026965000300030194200220033199900190035395201240037220170124105931.0 aB-089738 c180.00 aB-089738 bCen Lib/Ret aDPLbEN a330bSRI aSrivastava, Alok98316 aAdvanced business economics /cby Alok Srivastava  aAllahabad bKitab Mahal c2004 bAllahabad a22-A, S.N. Marg aiii, 596p.c24cm(Hb) aDeveloping economics 98317 aBusiness economics 98318 2ddccENh330mSRI c123865d123865 00104070aLbLd2015-06-12eCen Lib/Retg180.00l0o330 SRIpB-089738r2015-06-12 00:00:00t1v180.00w2015-06-12yEN